Evaluation of the single survey pilot: stage two - final report (Record no. 104622)

MARC details
000 -LEADER
fixed length control field 01077cab a2200241 4500
001 - CONTROL NUMBER
control field E131037
008 - FIXED-LENGTH DATA ELEMENTS--GENERAL INFORMATION
fixed length control field 050519n2005 000 0 eng u
020 ## - INTERNATIONAL STANDARD BOOK NUMBER
International Standard Book Number 0755948084
035 ## - SYSTEM CONTROL NUMBER
System control number (Sirsi) u131037
041 ## - LANGUAGE CODE
Language code of text/sound track or separate title eng
050 ## - LIBRARY OF CONGRESS CALL NUMBER
Classification number 333.332
110 ## - MAIN ENTRY--CORPORATE NAME
Corporate name or jurisdiction name as entry element Arneil Johnston
9 (RLIN) 4765
245 ## - TITLE STATEMENT
Title Evaluation of the single survey pilot: stage two - final report
260 ## - PUBLICATION, DISTRIBUTION, ETC.
Place of publication, distribution, etc. Edinburgh
Name of publisher, distributor, etc. Scottish Executive
Date of publication, distribution, etc. 2005
300 ## - PHYSICAL DESCRIPTION
Extent 51p. ; 30cm.
520 ## - SUMMARY, ETC.
Summary, etc. Presents an evaluation of the Single Survey Pilot, undertaken from July 2004 to April 2005. Evaluates the Single Survey as a product, its application in a diversity of market contexts and locations and its impact on the transaction process from the perspective of all key stakeholders.
590 ## - LOCAL NOTE (RLIN)
Local note IKA270905
650 ## - SUBJECT ADDED ENTRY--TOPICAL TERM
Topical term or geographic name entry element SCOTLAND
650 ## - SUBJECT ADDED ENTRY--TOPICAL TERM
Topical term or geographic name entry element SCOTTISH SINGLE SURVEY SCHEME
690 ## - LOCAL SUBJECT ADDED ENTRY--TOPICAL TERM (OCLC, RLIN)
Topical term or geographic name as entry element PROPERTY-RESIDENTIAL PROPERTY-RESIDENTIAL PROPERTY APPRAISAL AND VALUATION
856 ## - ELECTRONIC LOCATION AND ACCESS
Host name http://www.scotland.gov.uk/Publications/2005/09/02142657/26576
Public note View the item free of charge at www.scotland.gov.uk...
942 ## - ADDED ENTRY ELEMENTS (KOHA)
Suppress in OPAC 0
Holdings
Withdrawn status Lost status Source of classification or shelving scheme Damaged status Not for loan Home library Current library Shelving location Date acquired Total Checkouts Full call number Barcode Date last seen Copy number Price effective from Koha item type
    Dewey Decimal Classification     Virtual Virtual Online 27/09/2005   ONLINE PUBLICATION 131037-2001 06/08/2019 1 06/08/2019 Book